AH International Schools' Libraries

Overcoming Laziness (Record no. 49010)

MARC details
000 -LEADER
fixed length control field 00344nam a22001217a 4500
008 - FIXED-LENGTH DATA ELEMENTS--GENERAL INFORMATION
fixed length control field 250722b |||||||| |||| 00| 0 eng d
020 ## - INTERNATIONAL STANDARD BOOK NUMBER
International Standard Book Number 9789395092050
100 ## - MAIN ENTRY--PERSONAL NAME
Personal name Jasmine Brooke (Author)
9 (RLIN) 86384
245 ## - TITLE STATEMENT
Title Overcoming Laziness
260 ## - PUBLICATION, DISTRIBUTION, ETC. (IMPRINT)
Place of publication, distribution, etc India
Name of publisher, distributor, etc Woodpecker Books
Date of publication, distribution, etc 2023
300 ## - PHYSICAL DESCRIPTION
Extent 24 pages
Other physical details col. ill.
Dimensions 21 x 20.9 x 0.04 cm
942 ## - ADDED ENTRY ELEMENTS (KOHA)
Source of classification or shelving scheme
Holdings
Withdrawn status Lost status Source of classification or shelving scheme Damaged status Not for loan Collection code Home library Current library Date acquired Total Checkouts Full call number Barcode Date last seen Price effective from Koha item type
          Siem Reap Asian Hope Siem Reap Asian Hope Siem Reap 07/22/2025   FIC JAS 209029 07/22/2025 07/22/2025 Book

For any Logos Library related questions please contact Miss Art at swongnarasuk@asianhope.org.

For any Asian Hope Library related questions please contact Miss Raza at graza@asianhope.org.

Click here to explore our ebooks!

Powered by Koha